000 00604nam a22001697a 4500
003 OSt
005 20260407111437.0
008 260407b |||||||| |||| 00| 0 eng d
040 _cMRSPTU
041 _aEnglish
100 _aRohit Bhatia, Supervisor: Raj Kumar Narang
245 _aDesign, Synthesis and Evaluation of Coumarin Fused/Tethered Nitrogen Containing Heterocycles as Anticancer Agents
260 _bDepartment of Pharmacy, MRSPTU, Bathinda
_c2021
650 _aPharmaceutical Sciences and Technology
856 _uhttp://163.47.215.52:8080/jspui/handle/123456789/485
942 _2ddc
_cTH
_n0
999 _c11324
_d11324